000 01330nam a2200301Ia 4500
005 20220317000516.0
008 160601s2005 ck a 000 0 spa
020 _a9580410828
100 1 _aDarío, Rubén
_d1867-1916
245 1 0 _aAntología poética
_cRubén Darío ; selección de Elkin Restrepo
250 _a1a edición
_b1a reimpresión
300 _a107, 146 páginas (paginación variada)
_c19 cm
490 _aCara y cruz
_aLiteratura
505 _aProsas profanas y otros poemas -- Cantos de vida y esperanza, los cisnes y otros poemas -- El canto errante; Textos dispersos
650 1 4 _2LEMB
_aPoesía nicaragüense
_ySiglo XX
650 1 4 _2LEMB
_aLiteratura nicaragüense
_ySiglo XX
650 1 4 _2LEMB
_aAmor en la literatura
700 1 _aRestrepo Gallego, Elkin
_ecompilador
_946738
700 1 _aHernández Arbeláez, Iván
_eeditor
_946739
740 _aProsas profanas y otros poemas;\\
_aA propósito de Rubén Darío y su obra;\\
_aTextos dispersos;\\
_aCantos de vida y esperanza;\\
_aLos cisnes y otros poemas;\\
_aEl canto errante;\\
_aTextos dispersos
942 _2loc
_cBKLIT
264 _aBogotá
_bNorma
_c2005
336 _atexto
_btxt
_2rdacontent
337 _asin mediación
_bn
_2rdamedia
338 _avolumen
_bnc
_2rdacarrier
040 _aCO-BoRNBP
_bspa
_erda
_cCO-BoRNBP
084 _aP DAR1
999 _c4244
_d4244